Clinical reproductive medicine / (Record no. 4177)
[ view plain ]
| 000 -LEADER | |
|---|---|
| fixed length control field | 01202cam a2200361 a 4500 |
| 001 - CONTROL NUMBER | |
| control field | 011344830 |
| 003 - CONTROL NUMBER IDENTIFIER | |
| control field | UkOxU |
| 005 - DATE AND TIME OF LATEST TRANSACTION | |
| control field | 20220318095306.0 |
| 008 - FIXED-LENGTH DATA ELEMENTS--GENERAL INFORMATION | |
| fixed length control field | 960618s1997 paua b 001 0 eng c |
| 010 ## - LIBRARY OF CONGRESS CONTROL NUMBER | |
| LC control number | 96028717 //r97 |
| 020 ## - INTERNATIONAL STANDARD BOOK NUMBER | |
| International Standard Book Number | 0397511868 |
| 040 ## - CATALOGING SOURCE | |
| Original cataloging agency | DNLM/DLC |
| Transcribing agency | ALUPE UNIVERSITY |
| Modifying agency | NLM |
| -- | NOH |
| 050 10 - LIBRARY OF CONGRESS CALL NUMBER | |
| Classification number | RG201 |
| Item number | .C57 1997 |
| 060 00 - NATIONAL LIBRARY OF MEDICINE CALL NUMBER | |
| Classification number | 1996 M-694 |
| 060 10 - NATIONAL LIBRARY OF MEDICINE CALL NUMBER | |
| Classification number | WQ 205 |
| Item number | C640 1997 |
| 082 00 - DEWEY DECIMAL CLASSIFICATION NUMBER | |
| Classification number | 618.1/78 |
| Edition number | 20 |
| 245 00 - TITLE STATEMENT | |
| Title | Clinical reproductive medicine / |
| Statement of responsibility, etc. | edited by Bryan D. Cowan, David B. Seifer. |
| 260 ## - PUBLICATION, DISTRIBUTION, ETC. | |
| Place of publication, distribution, etc. | Philadelphia : |
| Name of publisher, distributor, etc. | Lippincott-Raven, |
| Date of publication, distribution, etc. | c1997. |
| 300 ## - PHYSICAL DESCRIPTION | |
| Extent | xii, 292 p. : |
| Other physical details | ill. ; |
| Dimensions | 29 cm. |
| 504 ## - BIBLIOGRAPHY, ETC. NOTE | |
| Bibliography, etc. note | Includes bibliographical references and index. |
| 650 #0 - SUBJECT ADDED ENTRY--TOPICAL TERM | |
| Topical term or geographic name entry element | Infertility, female |
| General subdivision | Treatment. |
| 650 #0 - SUBJECT ADDED ENTRY--TOPICAL TERM | |
| Topical term or geographic name entry element | Human reproduction |
| General subdivision | Endocrine aspects. |
| 650 #0 - SUBJECT ADDED ENTRY--TOPICAL TERM | |
| Topical term or geographic name entry element | Human reproductive technology. |
| 650 12 - SUBJECT ADDED ENTRY--TOPICAL TERM | |
| Topical term or geographic name entry element | Reproduction |
| General subdivision | physiology. |
| 650 22 - SUBJECT ADDED ENTRY--TOPICAL TERM | |
| Topical term or geographic name entry element | Endocrine Diseases |
| General subdivision | physiopathology. |
| 650 22 - SUBJECT ADDED ENTRY--TOPICAL TERM | |
| Topical term or geographic name entry element | Infertility |
| General subdivision | therapy. |
| 650 22 - SUBJECT ADDED ENTRY--TOPICAL TERM | |
| Topical term or geographic name entry element | Reproduction Techniques. |
| 650 22 - SUBJECT ADDED ENTRY--TOPICAL TERM | |
| Topical term or geographic name entry element | Reproductive Medicine. |
| 700 1# - ADDED ENTRY--PERSONAL NAME | |
| Personal name | Cowan, Bryan D., |
| Dates associated with a name | 1949- |
| 700 1# - ADDED ENTRY--PERSONAL NAME | |
| Personal name | Seifer, David B., |
| Dates associated with a name | 1955- |
| 942 ## - ADDED ENTRY ELEMENTS (KOHA) | |
| Source of classification or shelving scheme | |
| Koha item type | Book |
| Suppress in OPAC | DO |
| Withdrawn status | Lost status | Source of classification or shelving scheme | Damaged status | Not for loan | Permanent Location | Current Location | Shelving location | Date acquired | Source of acquisition | Total Checkouts | Full call number | Barcode | Date last seen | Price effective from | Koha item type | Public note |
|---|---|---|---|---|---|---|---|---|---|---|---|---|---|---|---|---|
| AU LIBRARY | AU LIBRARY | Open Shelf | 01.04.2022 | DONATION FROM MOI UNIVERSITY | RG201 .C57 1997 | 28006107 | 18.03.2022 | 01.04.2022 | Book | JO |